书目信息 |
| 题名: |
全世界学生爱问的300个医学问题
|
|
| 作者: | 本书编写组编 | |
| 分册: | ||
| 出版信息: | 广州 广东世纪图书出版公司 2010 |
|
| 页数: | 196页 | |
| 开本: | 23cm | |
| 丛书名: | 全世界青少年爱问的300个问题丛书 | |
| 单 册: | ||
| 中图分类: | R-49 , R | |
| 科图分类: | ||
| 主题词: | 医学--青年读物 | |
| 电子资源: | ||
| ISBN: | 978-7-5100-2227-2 | |
| 000 | 00776oam2 2200241 450 | |
| 001 | 2354290089 | |
| 005 | 20231109084816.31 | |
| 010 | @a978-7-5100-2227-2@dCNY38.00 | |
| 100 | @a20130929d2010 aemy0chiy50 ea | |
| 101 | 0 | @achi |
| 102 | @aCN@b440000 | |
| 105 | @aa z 000yy | |
| 200 | 1 | @a全世界学生爱问的300个医学问题@Aquan shi jie xue sheng ai wen de 300 ge yi xue wen ti@f本书编写组编 |
| 210 | @a广州@c广东世纪图书出版公司@d2010 | |
| 215 | @a196页@c图@d23cm | |
| 225 | 1 | @a全世界青少年爱问的300个问题丛书 |
| 330 | @a本书精选了有关医学方面的广大青少年关心的300个问题进行详细的解答。 | |
| 461 | 0 | @12001 @a全世界青少年爱问的300个问题丛书 |
| 606 | 0 | @a医学@j青年读物 |
| 690 | @aR-49@v5 | |
| 690 | @aR@v4 | |
| 801 | 0 | @aCN@b山东中教@c20230926 |
| 905 | @aBZT@dR@e23 | |
| 全世界学生爱问的300个医学问题/本书编写组编.-广州:广东世纪图书出版公司,2010 |
| 196页:图;23cm.-(全世界青少年爱问的300个问题丛书) |
| ISBN 978-7-5100-2227-2:CNY38.00 |
| 本书精选了有关医学方面的广大青少年关心的300个问题进行详细的解答。 |
| ● |
| 相关链接 |
|
|
|
正题名:全世界学生爱问的300个医学问题
索取号:R/23
 
预约/预借
| 序号 | 登录号 | 条形码 | 馆藏地/架位号 | 状态 | 备注 |
| 1 | 2000975641 | 2000975641 | 第四书库/四29架A面1层3列/ [索取号:R/23] | 在馆 | |
| 2 | 2000975642 | 2000975642 | 第四书库/四29架A面1层3列/ [索取号:R/23] | 在馆 | |
| 3 | 2000975643 | 2000975643 | 第四书库/四29架A面1层3列/ [索取号:R/23] | 在馆 |